Europe and the world's forest : (Registro nro. 1239)

Detalles MARC
000 -CABECERA
Campo de control 00935nam a2200277 a 4500
005 - FECHA Y HORA DE LA ULTIMA TRANSACCION
Campo de control 20200104041519.0
008 - ELEMENTOS DE LONGITUD FIJA—INFORMACION GENERAL
Campo de control 140226s1998 gw fr|||| 000 0 eng d
040 ## - FUENTE DE CATALOGACIÓN
Agencia catalogadora original CO-BoIAVH
Agencia transcriptora CO-BoIAVH
041 0# - IDIOMA
Código de idioma para texto/pista de sonido o título separado Inglés
044 ## - PAÍS DE PUBLICACIÓN
País de publicación Alemania
082 04 - NUMERO DE CLASIFICACION DECIMAL DEWEY
Número de clasificación 333.75
Número del ítem E89e
245 00 - MENCION DE TITULO
Título Europe and the world's forest :
Parte restante del título report for the Intergovernmental Forum on the Underlying causes of deforestation and forest degradation
260 ## - PUBLICACION, DISTRIBUCION, ETC. (PIE DE IMPRENTA)
Lugar de publicación, distribución, etc. Bonn :
Nombre del editor, distribuidor, etc. World Rainforest Movement :
-- FERN,
Fecha de publicación, distribución, etc. 1998.
300 ## - DESCRIPCION FISICA
Extensión 36 páginas ;
Dimensiones 30 x 21 cm.
650 16 - ASIENTO SECUNDARIO DE MATERIA - TERMINO TEMATICO
Término temático o nombre geográfico como elemento de entrada Deforestación
9 (RLIN) 266
650 26 - ASIENTO SECUNDARIO DE MATERIA - TERMINO TEMATICO
Término temático o nombre geográfico como elemento de entrada Areas degradadas
9 (RLIN) 4066
650 26 - ASIENTO SECUNDARIO DE MATERIA - TERMINO TEMATICO
Término temático o nombre geográfico como elemento de entrada Bosques tropicales
9 (RLIN) 63286
650 26 - ASIENTO SECUNDARIO DE MATERIA - TERMINO TEMATICO
Término temático o nombre geográfico como elemento de entrada Tenencia de tierras
9 (RLIN) 4530
650 26 - ASIENTO SECUNDARIO DE MATERIA - TERMINO TEMATICO
Término temático o nombre geográfico como elemento de entrada Políticas forestales
9 (RLIN) 3846
650 26 - ASIENTO SECUNDARIO DE MATERIA - TERMINO TEMATICO
Término temático o nombre geográfico como elemento de entrada Legislación forestal
9 (RLIN) 3847
650 26 - ASIENTO SECUNDARIO DE MATERIA - TERMINO TEMATICO
Término temático o nombre geográfico como elemento de entrada Comercio internacional
9 (RLIN) 4456
650 26 - ASIENTO SECUNDARIO DE MATERIA - TERMINO TEMATICO
Término temático o nombre geográfico como elemento de entrada Plantaciones forestales
9 (RLIN) 92198
662 ## - ASIENTO SECUNDARIO DE MATERIA - JERARQUIA DEL NOMBRE DE LUGAR(
Jurisdicción política intermedia Europa
700 1# - ASIENTO SECUNDARIO - NOMBRE PERSONAL
Nombre personal Colchester, Marcus
9 (RLIN) 11414
942 ## - ELEMENTOS ADICIONALES (KOHA)
Tipo de ítem Libro
Sistema de clasificación Dewey Decimal Classification
Existencias
Withdrawn status Lost status Sistema de Clasificación Damaged status No para préstamo Colección Inventariado Ubicación Permanente Ubicación actual Fecha de adquisición Valor Total Checkouts Número topográfico Inventario / Código de Barras Date last seen Ejemplar Price effective from Forma de adquisición Tipo de material
    Dewey Decimal Classification     General Inventariado 2017 Bogotá Bogotá 25/04/1999 39000.00   LB-333.75 E89e 001675 04/12/2012 Ej. 1 04/12/2012   Libro